000
00247nam a22001097a 4500
008
140109t xxu||||| |||| 00| 0 eng d
100
_a
Syed Abul ala maududi
_9
598
245
_a
Tafheem ul Quran
300
_a
340
440
_v
2
_9
599
942
_2
ddc
_c
BK
999
_c
16862
_d
16862